| 000 | 01068cam a2200325 a 4500 | ||
|---|---|---|---|
| 001 | 11966458 | ||
| 003 | OSt | ||
| 005 | 20140320104313.0 | ||
| 008 | 000406r20001997wiuab c b 001 0 eng | ||
| 010 | _a 00039512 | ||
| 020 | _a0590266179 | ||
| 040 |
_aDLC _cDLC _dDLC |
||
| 042 | _alcac | ||
| 043 | _af-ua--- | ||
| 050 | 0 | 0 |
_aDT 61 _b.St8653 1997 |
| 100 | 1 |
_aSteedman, Scott. _929924 |
|
| 245 | 1 | 4 |
_aThe Egyptian news / _cScott Steedman. |
| 260 |
_aNew York, NY: _bScholastic Inc., _c1997. |
||
| 300 |
_a32 p. : _bcol. ill., col. maps ; _c30 cm. |
||
| 490 | 1 | _aHistory news | |
| 521 | _aG10 | ||
| 526 | _c1000 | ||
| 651 | 0 |
_aEgypt _xCivilization _yTo 332 B.C. _vJuvenile literature. _929925 |
|
| 651 | 1 |
_aEgypt _xCivilization _yTo 332 B.C. _929926 |
|
| 830 | 0 |
_aHistory news (Milwaukee, Wis.) _929927 |
|
| 906 |
_a7 _bcbc _corignew _d1 _eocip _f20 _gy-gencatlg |
||
| 942 |
_2lcc _cBK |
||
| 999 |
_c47526 _d47526 |
||